000 00284nam a2200121Ia 4500
005 20251222143247.0
008 251222s9999||||xx |||||||||||||| ||spa||
020 _a2-908901-01-3
082 _a708.44/J46
245 0 _aJeu de Paume Histoire
264 _bDu Jeu de Paume
942 _cLIB
999 _c14819
_d14819